Geographical thought. An introduction to ideas in human geography.
Uloženo v:
| Hlavní autor: | |
|---|---|
| Médium: | Neznámo |
| Jazyk: | angličtina |
| Vydáno: |
New York, United States:
Routledge Taylor & Francis Group,
2013
|
| Témata: | |
| Tagy: |
Přidat tag
Žádné tagy, Buďte první, kdo vytvoří štítek k tomuto záznamu!
|
MARC
| LEADER | 00000 a2200000 4500 | ||
|---|---|---|---|
| 003 | CL-VaPUC | ||
| 005 | 20221012103021.0 | ||
| 008 | 220228b2013 ||||| |||| 00| 0 eng d | ||
| 999 | |c 434228 |d 434226 | ||
| 020 | |a 978-0-13-222824-4 | ||
| 040 | |c Pontificia Universidad Católica de Valparaíso | ||
| 082 | |a 304.2 NAY 2013 |2 22 | ||
| 100 | |a Nayak, Anoop |9 865023 |e author | ||
| 245 | |a Geographical thought. |b An introduction to ideas in human geography. | ||
| 260 | |a New York, United States: |b Routledge Taylor & Francis Group, |c 2013 | ||
| 583 | |k GC |c 20220228 | ||
| 650 | 0 | |a Ecología humana |9 263207 | |
| 650 | 0 | |a Geografía social |9 448946 | |
| 942 | |2 ddc |c BK | ||
| 952 | |0 0 |1 0 |2 ddc |4 0 |6 304_200000000000000_NAY_2013 |7 0 |8 A |9 581455 |a BIBING |b BIBING |c GEN |d 2022-02-24 |e 74 |g 56436.00 |i 5647487 |o 304.2 NAY 2013 |p 5647487 |r 2025-01-20 |t 1 |v 56436.00 |w 2022-02-24 |y BK |k GEO | ||
| 952 | |0 0 |1 0 |2 ddc |4 0 |6 304_200000000000000_NAY_2013 |7 0 |8 A |9 581456 |a BIBING |b BIBING |c GEN |d 2022-02-24 |e 74 |g 56436.00 |i 5647495 |o 304.2 NAY 2013 |p 5647495 |r 2025-01-20 |t 2 |v 56436.00 |w 2022-02-24 |y BK |k GEO | ||
| 952 | |0 0 |1 0 |2 ddc |4 0 |6 304_200000000000000_NAY_2013 |7 0 |8 A |9 587197 |a BIBING |b BIBING |c GEN |d 2022-10-12 |e 74 |g 55834.00 |i 5655123 |o 304.2 NAY 2013 |p 5655123 |r 2025-01-20 |t 3 |v 55834.00 |w 2022-10-12 |y BK |k GEO | ||